000016262 001__ 16262
000016262 005__ 20150429092417.0
000016262 037__ $$aTAZ-TFG-2014-1624
000016262 041__ $$aeng
000016262 1001_ $$aHerrera Russert, José
000016262 24500 $$aFototropismo en dípteros del género Phlebotomus
000016262 260__ $$aZaragoza$$bUniversidad de Zaragoza$$c2014
000016262 506__ $$aby-nc-sa$$bCreative Commons$$c3.0$$uhttp://creativecommons.org/licenses/by-nc-sa/3.0/
000016262 520__ $$aPhlebotomus papatasi (Diptera: Psychodidae) es el flebotomo vector de de la leishmaniasis cutánea zoonótica causada por Leishmania major (Trypanosomatidae: Kinetoplastida), una enfermedad parasitaria causada por un protozoo prevalente en la mayoría de regiones mediterráneas, siendo considerada en muchos casos un problema de salud grave tanto animal como humano. En este trabajo se estudió el tropismo positivo de individuos adultos de esta especie, confinados en un recinto experimental tubular desarrollado durante el transcurso del mismo, hacia la luz emitida por dispositivos LED (diodo emisor de luz) de tres colores principales, el verde, rojo y azul, además de varias pruebas adicionales con luces violeta y amarilla. Se empleó la luz ultravioleta procedente de trampas CDC como control positivo y un control negativo en ausencia de luz para todas las pruebas. Los individuos proceden de una colonia de flebotominos (P. perniciosus y P. papatasi) ubicada en el departamento de patología clínica veterinaria de la universidad de Zaragoza. Los resultados indican que existe una atracción elevada hacia la luz ultravioleta en los casos estudiados, mientras que las luces led no generan una atracción muy significativa. Específicamente la luz verde dio lugar a un grado menor de atracción en los casos estudiados. Tanto en las pruebas con machos aislados como con una combinación de machos y hembras, los machos resultaron ser más atraídos por las luces que las hembras. Estos resultados podrían resultar de utilidad en el diseño de nuevas trampas para el control o monitoreo de flebotominos y en el desarrollo de sistemas de iluminación menos peligrosos para animales domésticos.
000016262 521__ $$aGraduado en Biotecnología
000016262 540__ $$aDerechos regulados por licencia Creative Commons
000016262 6531_ $$aphlebotomus
000016262 6531_ $$asandlfly
000016262 6531_ $$aphototropism
000016262 6531_ $$aleishmania
000016262 6531_ $$aleishmaniosis
000016262 6531_ $$apapatasi
000016262 6531_ $$apest control
000016262 700__ $$aLucientes Curdi, Javier$$edir.
000016262 700__ $$aOropeza, Ronald Vladimir$$edir.
000016262 7102_ $$aUniversidad de Zaragoza$$b $$c
000016262 8560_ $$f627915@celes.unizar.es
000016262 8564_ $$s1110688$$uhttps://zaguan.unizar.es/record/16262/files/TAZ-TFG-2014-1624.pdf$$yMemoria (eng)$$zMemoria (eng)
000016262 909CO $$ooai:zaguan.unizar.es:16262$$pdriver$$ptrabajos-fin-grado
000016262 950__ $$a
000016262 980__ $$aTAZ$$bTFG$$cCIEN